000 00980nam a2200229 a 4500
001 57045
003 BD-RjUL
005 20211209080449.0
008 161205s1996 ii |||| |||| 00| 0 ben d
035 _a(BD-RjUL)57169
040 _aBD-RjUL
_bben
_cBD-RjUL
_dBD-RjUL
041 _aben
082 _223
_a294.5
_bMON 1996
245 0 0 _aমনুসংহিতা :
_bসপ্তমোহধ্যায়ঃ (রাজধ্ররমঃ) /
_cসম্পাদক অশোককুমার বন্দোপাধ্যায়
250 _a২য় প্রকাশ
260 _aকলিকাতা :
_bসংস্কৃতপুস্তক ভান্ডার,
_c১৯৯৬
300 _a[১৫] ১৬৪ পৃ. ;
_c২৫ সেমি.
650 _aহিন্দুধর্ম
_9122777
650 _aHindusim
_9123455
700 _aবন্দোপাধ্যায়, অশোককুমার সম্পাদক
_9122778
942 _2ddc
_cBK
999 _c57045
_d57045